Elements of stabilty of viscoelastic fluids

Αποθηκεύτηκε σε:
Λεπτομέρειες βιβλιογραφικής εγγραφής
Κύριος συγγραφέας: Dunwoody, J.
Μορφή: Βιβλίο
Γλώσσα:English
Δημοσίευση: New York : Longman, 1989
Σειρά:Pitman research notes in mathematics series ; ; 213
Θέματα:
Ετικέτες: Προσθήκη ετικέτας
Δεν υπάρχουν, Καταχωρήστε ετικέτα πρώτοι!

MARC

LEADER 00000nam a2200000 i 4500
001 1/38769
008 941103s1989 eng d
020 |a 0-582-03334-9 
035 |a 1993  |l 10040845 
040 |a GR-MY-UA  |b gre  |e aacr 
041 0 |a eng 
082 0 |a 532.053 
100 1 |a Dunwoody, J. 
245 1 0 |a Elements of stabilty of viscoelastic fluids /  |c J. dunwoody 
260 |a New York :   |b Longman,   |c 1989 
300 |a 105 p.;  |c 24 cm. 
490 1 |a Pitman research notes in mathematics series  |v ; 213 
500 |a Includes bibliographical references and index 
650 0 0 |a Non-Newtonian fluids. 
830 0 |a Pitman research notes in mathematics series ;  |v ; 213 
852 |a INST  |b SAMOS  |e 19941103  |h 532.053 DUN  |p 005300007208  |q 005300007208  |t BK  |y 0 
909 |a Σ  |b 030599